Catálogo
 En Linea

Sociología. / (Registro nro. 40259)

Detalles MARC
000 -CABECERA
campo de control de longitud fija 00732nam a2200217 a 4500
001 - NÚMERO DE CONTROL
campo de control 000040769
005 - FECHA Y HORA DE LA ÚLTIMA TRANSACCIÓN
campo de control 20201002034351.0
008 - DATOS DE LONGITUD FIJA--INFORMACIÓN GENERAL
campo de control de longitud fija 130906s2011 sp a 001 0 spa d
020 ## - NÚMERO INTERNACIONAL ESTÁNDAR DEL LIBRO
Número Internacional Estándar del Libro 9788483227428
040 ## - FUENTE DE LA CATALOGACIÓN
Centro catalogador/agencia de origen DO-SdBNP
Lengua de catalogación spa
Centro/agencia transcriptor BNPHU
082 ## - NÚMERO DE LA CLASIFICACIÓN DECIMAL DEWEY
Número de clasificación xxxx
Número de documento/Ítem xxxx
100 1# - ENTRADA PRINCIPAL--NOMBRE DE PERSONA
Nombre de persona Macionis, John J.
9 (RLIN) 45040
245 10 - MENCIÓN DE TÍTULO
Título Sociología. /
Mención de responsabilidad, etc. John J. Macionis, Ken Plummer; traducción, Cristina Flesher Fominaya, Javier Calvo Martín.
250 ## - MENCIÓN DE EDICIÓN
Mención de edición 4ta. ed.
260 ## - PUBLICACIÓN, DISTRIBUCIÓN, ETC.
Lugar de publicación, distribución, etc. Madrid, España :
Nombre del editor, distribuidor, etc. Pearson educación,
Fecha de publicación, distribución, etc. 2011.
300 ## - DESCRIPCIÓN FÍSICA
Extensión 816 p. :
Otras características físicas il. ;
Dimensiones 25 cm.
504 ## - NOTA DE BIBLIOGRAFÍA, ETC.
Nota de bibliografía, etc. Bibliografía p: 789-809
700 1# - PUNTO DE ACCESO ADICIONAL--NOMBRE DE PERSONA
Nombre de persona Plummer, Ken
9 (RLIN) 43618
700 1# - PUNTO DE ACCESO ADICIONAL--NOMBRE DE PERSONA
Nombre de persona Flesher Fominaya, Cristina
Término indicativo de función/relación trad.
9 (RLIN) 67177
700 1# - PUNTO DE ACCESO ADICIONAL--NOMBRE DE PERSONA
Nombre de persona Calvo Martín, Javier
Término indicativo de función/relación trad.
9 (RLIN) 67178
Existencias
Estado de retiro Estado de pérdida Restricciones de uso No para préstamo Código de colección Localización permanente Ubicación/localización actual Ubicación en estantería Fecha de adquisición Número de inventario Total de préstamos Signatura topográfica completa Código de barras Fecha visto por última vez Precio válido a partir de Tipo de ítem Koha
      Excluido de préstamo Monografías: Libros y Folletos General General En catalogación 06.09.2013 LF1   xxxx xxxx 40769-10 25.06.2020 25.06.2020 No se presta

Con tecnología Koha